| 000 | 00338nam a22001217a 4500 | ||
|---|---|---|---|
| 999 |
_c516001 _d516001 |
||
| 082 | _aTNC A99 Au62/D26 | ||
| 100 |
_aDas Manoj _922284 |
||
| 245 |
_aThe hour of god : _bSelections from his writings _cby Manoj Das |
||
| 260 |
_aNew Delhi _bSahitya _c1995 |
||
| 300 | _a334p. | ||
| 650 |
_aSri Aurobindo _923493 |
||
| 650 |
_a1872 - 1950 _923494 |
||